Obras Completas San Juan De La Cruz

Saved in:
Bibliographic Details
Main Author: San Juan de La Cruz (autor)
Other Authors: Pacho, Eulogio (preparación)
Format: Unknown
Published: Burgos, España: Grupo Editorial FONTE, 2021.
Edition:10ª edición.
Series:Maestros Espirituales Carmelitas 3
Subjects:
Tags: Add Tag
No Tags, Be the first to tag this record!

MARC

LEADER 00000 a2200000 4500
003 CL-VaPUC
005 20240527112808.0
008 240520t2021 ||||| |||| 00| 0 eng d
999 |c 443703  |d 443701 
020 |a 978-84-18303-42-5 
040 |c Pontificia Universidad Católica de Valparaíso 
082 7 |2 22  |a 248.8942 JUA 2021 
100 |a San Juan de La Cruz  |9 317648  |e autor 
245 |a Obras Completas San Juan De La Cruz 
250 |a 10ª edición. 
260 |a Burgos, España:  |b Grupo Editorial FONTE,  |c 2021. 
300 |a 1357 páginas. 
490 |a Maestros Espirituales Carmelitas  |v 3 
583 |k GC  |c 20240520 
600 0 |9 303617  |a San Juan de la Cruz  |y 1542-1591  |x Cartas  |x Poesía religiosa española 
700 |9 889000  |a Pacho, Eulogio   |e preparación 
942 |2 ddc  |c BK 
952 |0 0  |1 0  |2 ddc  |4 0  |6 248_894200000000000_JUA_2021  |7 0  |8 A  |9 594810  |a BIBTEO  |b BIBTEO  |d 2024-05-20  |e 8  |g 39900.00  |i 5661412  |l 3  |m 2  |o 248.8942 JUA 2021  |p 5661412  |r 2025-01-17  |s 2024-11-14  |t 1  |v 39900.00  |w 2024-05-20  |y BK  |k ICR